Loading...
| Current Events | 2 | 15.00 | 50% | 100% | 0% |
| Fine Arts - Classical Music | 4 | 7.50 | 75% | 0% | 0% |
| Fine Arts - Other | 7 | 14.29 | 86% | 29% | 29% |
| Fine Arts - Painting and Sculpture | 6 | 10.00 | 67% | 33% | 0% |
| Geography | 1 | 20.00 | 100% | 100% | 0% |
| History - American | 5 | 24.00 | 100% | 100% | 40% |
| History - European | 6 | 13.33 | 100% | 33% | 0% |
| History - Other | 6 | 16.67 | 100% | 67% | 0% |
| History - World | 1 | 20.00 | 100% | 100% | 0% |
| Literature - American | 3 | 20.00 | 100% | 67% | 33% |
| Literature - British | 4 | 10.00 | 75% | 25% | 0% |
| Literature - European | 3 | 13.33 | 100% | 33% | 0% |
| Literature - World | 5 | 14.00 | 100% | 20% | 20% |
| Mythology | 4 | 15.00 | 100% | 25% | 25% |
| Other Academic | 1 | 10.00 | 100% | 0% | 0% |
| Philosophy | 4 | 10.00 | 75% | 25% | 0% |
| Religion | 3 | 13.33 | 100% | 33% | 0% |
| Science - Biology | 4 | 10.00 | 100% | 0% | 0% |
| Science - Chemistry | 4 | 12.50 | 100% | 25% | 0% |
| Science - Other | 4 | 15.00 | 100% | 25% | 25% |
| Science - Physics | 4 | 12.50 | 75% | 25% | 25% |
| Social Science | 4 | 7.50 | 75% | 0% | 0% |